000 00405cam a22001337a 4500
008 180718b1988 xxu||||| |||| 00| 0 eng d
082 _aB135x5421 Sh18 CRS
100 _aShanker, Prem
245 _aIndian village society in transition
_cby Prem Shanker
260 _aDelhi
_bCommonwealth
_c1988
300 _a290p.
650 _aSociology, Rural - India - Bihar
650 _aSociology, Rural - India - U.P.
999 _c354221
_d354221